000 00855nam a2200301 a 4500
001 0000331
003 DO-SdBPM
005 20250221112417.0
007 0000331
008 081127s 2002 sp a 000 0 spa d
020 _a8489163413
040 _a
_bspa
_cBPMSU
082 4 _a863.3
_bV648L 2002
_222
245 3 _aLa vida de Lazarillo de Tormes y de sus fortunas y adversidades /
_cedición Jorge A. Mestas
250 _a3a. ed.
260 _aMadrid :
_bEdiciones Metas,
_c2002
300 _a90 p.:
_bil., ;
_c19 cm.
490 0 _aClásicos universales,
_v6
500 _aEdición íntegra
505 0 _t
590 _aInvetariado, 2025/VM
_6
650 4 _aNovela española
650 4 _aLazarillo
_vNovela
650 4 _aNovela social
650 4 _aLiteratura picaresca
910 _aVMateo V. Control de calidad. BPMSU
942 _2ddc
_cBK
999 _c10915
_d10915